| 000 | 01188nam a22003497a 4500 | ||
|---|---|---|---|
| 001 | BR7316014 | ||
| 003 | BR-BrBNA | ||
| 005 | 20230928084315.0 | ||
| 007 | ta | ||
| 008 | 230509b bl.||||| |||| 00| 0 por d | ||
| 040 |
_aBR-BrBNA _bpor _cBiblioteca Nacional de Agricultura |
||
| 041 | _a(Por) | ||
| 072 |
_aF00; E10 _b0100 _b0332 _b1410 _b0336 _b/G514 |
||
| 090 | _ 0100 BR7316014 | ||
| 100 | 1 | _aPino, F.A. | |
| 110 | 1 |
_aInstituto de Economia Agricola, Sao Paulo, SP (Brasil) _96029 |
|
| 111 | 1 |
_a13. Reuniao Anual da Sociedade Brasileira de Economia Rural _cCuritiba, PR (Brazil) _d27 Jul 1975 |
|
| 245 | 1 | _aLocalizacao das culturas de graos no Estado de Sao Paulo: ano agricola 1973/74 [Brasil; Amendoim; Arroz; Feijao; Milho; Soja; Trigo; Producao; Consumo interno] | |
| 260 | 3 |
_aSao Paulo, SP (Brasil): _c1975. |
|
| 300 | _a26 p. | ||
| 500 | _a6 ref. (*) Documento disponível na(o) Instituto de Economia Agricola, Sao Paulo, SP (Brazil) | ||
| 650 | _aFEIJAO | ||
| 650 | _aAMENDOIM | ||
| 650 | _aARROZ | ||
| 650 | _aMILHO | ||
| 650 | _aSOJA | ||
| 650 | _aTRIGO | ||
| 650 | _aCONSUMO | ||
| 650 | _aSAO PAULO | ||
| 909 |
_a202309 _bLucia _c55 _dLucia Elande |
||
| 942 | _cBK | ||
| 999 |
_c18056 _d18056 |
||